បុរសស្ពាយធាតុខ្មោច : (Record no. 9223)
[ view plain ]
| 000 -LEADER | |
|---|---|
| fixed length control field | 03101nam a22003017a 4500 |
| 001 - CONTROL NUMBER | |
| control field | 9223 |
| 003 - CONTROL NUMBER IDENTIFIER | |
| control field | FISKH |
| 005 - DATE AND TIME OF LATEST TRANSACTION | |
| control field | 20251203122402.0 |
| 008 - FIXED-LENGTH DATA ELEMENTS--GENERAL INFORMATION | |
| fixed length control field | 251203b cb ||||| |||| 00| 0 eng d |
| 020 ## - INTERNATIONAL STANDARD BOOK NUMBER | |
| International Standard Book Number | 9789996333026 |
| 040 ## - CATALOGING SOURCE | |
| Original cataloging agency | FISKH |
| Language of cataloging | khr |
| Transcribing agency | FISKH |
| Modifying agency | FISKH |
| 050 ## - LIBRARY OF CONGRESS CALL NUMBER | |
| Classification number | PZ7 |
| 082 ## - DEWEY DECIMAL CLASSIFICATION NUMBER | |
| Classification number | 398.209 |
| 100 ## - MAIN ENTRY--PERSONAL NAME | |
| Personal name | Thai Ly , Ly |
| 245 ## - TITLE STATEMENT | |
| Title | បុរសស្ពាយធាតុខ្មោច : |
| Remainder of title | The fellow carrying the human ashes / |
| Statement of responsibility, etc. | រៀបរៀងដោយលោក លី ថៃលី , វិចិត្រកររូបភាពដោយ លោក ថៃ សាន្ត |
| 260 ## - PUBLICATION, DISTRIBUTION, ETC. | |
| Place of publication, distribution, etc. | ភ្នំពេញ : |
| Name of publisher, distributor, etc. | រោងពុម្ព ពេជ្រ ណែត , |
| 300 ## - PHYSICAL DESCRIPTION | |
| Extent | 20 pages : |
| Other physical details | color illustrations ; |
| Dimensions | 25 cm . |
| 505 ## - FORMATTED CONTENTS NOTE | |
| Formatted contents note | N <br/> |
| 520 ## - SUMMARY, ETC. | |
| Summary, etc. | នាងកុលធីតាគឺជាស្រីស្អាតម្នាក់នៅក្នុងភូមិ មានបុរសជាច្រើនលួចស្រលាញ់នាង ។ ជាអកុសលនាងមានជំងីក៏ត្រូវស្លាប់ ។ ថ្លែងពីបុរសឈ្មោះសមរ៏ ដោយក្តីស្រលាញ់នាងកុលធីតាពេក បុរសនោះក៏ចូលទៅក្នុងម្ឈុសរបស់នាងកុលធីតា ។អ្នកព្លុកក៏ចាប់ផ្តើមបូជាសពនាងកុលធីតានិងកំលោះសាមរ៏ ។ ក្រោយមកក៏មានបុរសម្នាក់ឈ្មោះ ចៅស្ពាយធាតុ បានរើសកំទេចឆ្អឹងនាងកុលធីតាយកទៅព្រៃហិមពាន្ត ដើម្បីអោយឥសីប្រោះ ហើយក៏លេចចេញបុរសម្នាក់ទៀតធ្វើអោយមានការភ្ញាក់ផ្អើល ។ លោកតាឥសីក៏អោយនាងសម្រេចចិត្ត ហើយនាងក៏សម្រេចយកសាមរ៏ជាប្តី និង បុរសស្ពាយធាតុជាឪពុក ។ |
| 520 ## - SUMMARY, ETC. | |
| Summary, etc. | Kulthita was a beautiful woman in the village, and many men secretly loved her. Unfortunately, she fell ill and passed away. Speaking of a man named Samor, who loved Kulthita so deeply, he also entered her tomb. The villagers then began to hold a funeral ritual for Kulthita and for Samor. Later, another man named Chao Spai Theatu took Kulthita’s bones to the Himalaya forest to prevent evil spirits, which also surprised another man. Lord Isi then allowed her to make a decision, and she chose to take Samor as her husband and Spai Theatu as her father. |
| 521 8# - TARGET AUDIENCE NOTE | |
| Target audience note | 550 <br/> |
| Source | Lexile estimate <br/> |
| 521 8# - TARGET AUDIENCE NOTE | |
| Target audience note | N <br/> |
| Source | Raz-Plus <br/> |
| 650 ## - SUBJECT ADDED ENTRY--TOPICAL TERM | |
| Topical term or geographic name entry element | បុរសស្ពាយធាតុខ្មោច |
| Form subdivision | រឿងនិទានកុមារ |
| 650 ## - SUBJECT ADDED ENTRY--TOPICAL TERM | |
| Topical term or geographic name entry element | The fellow carrying the human ashes |
| Form subdivision | Children's Stories |
| 700 ## - ADDED ENTRY--PERSONAL NAME | |
| Personal name | San , Thai |
| Relator term | Illustrator |
| 942 ## - ADDED ENTRY ELEMENTS (KOHA) | |
| Source of classification or shelving scheme | Dewey Decimal Classification |
| Koha item type | Khmer Books |
| Suppress in OPAC | No |
| Withdrawn status | Lost status | Source of classification or shelving scheme | Damaged status | Not for loan | Collection | Home library | Current library | Shelving location | Date acquired | Total Checkouts | Full call number | Barcode | Date last seen | Price effective from | Koha item type |
|---|---|---|---|---|---|---|---|---|---|---|---|---|---|---|---|
| Dewey Decimal Classification | Khmer-English Bilingual / ភាសាខ្មែរ-អង់គ្លេស | Footprints International School Library Network Toul Tom Poung Campus | Footprints International School Library Network Toul Tom Poung Campus | TTP Primary Khmer Bookshelves | 12/03/2025 | THA PZ7 398.209 | 2025-5011 | 12/03/2025 | 12/03/2025 | Khmer Books |
